00822nam a2200217 a 450000100060000000300080000600500170001400800410003103500190007204000350009104100080012608200260013410000190016024501510017926000710033030000380040150200790043950400330051865000180055170000350056980394BD-RjUL20220919155359.0220919s1998 bg a|||| m||| 00| 0 eng d a(BD-RjUL)80394 aBD-RjULbengcBD-RjULdBD-RjUL aeng a547.037bKHS 1998223 aKhanum, Tohura01aStudies on the Metal Complexes of Peroxo and Macrocyclic Ligands With Acids, Amines and Phenols /cTohura Khanum ;6Supervision : Md. Saidul Islam aRajshahi :bDepartment of Chemistry, University of Rajshahi,c1998 avii, 101 Leaves :bill, ;c29 cm. aThesis (M. Phil.) -- Department of Chemistry, University of Rajshahi, 1998 aReferences : Leaves [75]-101 aAcidsvAmines aIslam, Md. Saidul, Supervision